Alfaro y Amapala : (Registro nro. 14904)
[ vista simple ]
| 000 -LEADER | |
|---|---|
| fixed length control field | 01003nam a2200253 a 4500 |
| 001 - CONTROL NUMBER | |
| control field | 000038932 |
| 003 - CONTROL NUMBER IDENTIFIER | |
| control field | DO-SdBPM |
| 005 - DATE AND TIME OF LATEST TRANSACTION | |
| control field | 20250113103310.0 |
| 007 - PHYSICAL DESCRIPTION FIXED FIELD--GENERAL INFORMATION | |
| fixed length control field | ta |
| 008 - FIXED-LENGTH DATA ELEMENTS--GENERAL INFORMATION | |
| fixed length control field | 130506s2013 dr ac 000 0 spa d |
| 020 ## - INTERNATIONAL STANDARD BOOK NUMBER | |
| International Standard Book Number | 9789993431459 |
| 040 ## - CATALOGING SOURCE | |
| Original cataloging agency | DO-SdBPM |
| Language of cataloging | spa |
| Transcribing agency | BPMSU |
| 082 ## - DEWEY DECIMAL CLASSIFICATION NUMBER | |
| Classification number | 320.9869 |
| Item number | A385a 2013 |
| Edition number | 22 |
| 245 00 - TITLE STATEMENT | |
| Title | Alfaro y Amapala : |
| Remainder of title | pacto político y reservado y carta de Eloy Alfaro a Máximo Gómez ; presentación Carlos López Damm ; prólogo Diómedes Núñez Polanco. |
| 260 ## - PUBLICATION, DISTRIBUTION, ETC. (IMPRINT) | |
| Place of publication, distribution, etc. | santo Domingo : |
| Name of publisher, distributor, etc. | Biblioteca Nacional Pedro Henríquez Ureña, |
| Date of publication, distribution, etc. | 2013. |
| 300 ## - PHYSICAL DESCRIPTION | |
| Extent | 89 p. : |
| Other physical details | il., retrs. ; |
| Dimensions | 23 cm. |
| 500 ## - GENERAL NOTE | |
| General note | Incluye referencias bibliográficas y notas al pie de las páginas |
| 590 ## - LOCAL NOTE (RLIN) | |
| Local note | Inventariado, 20235/VM |
| 651 #4 - SUBJECT ADDED ENTRY--GEOGRAPHIC NAME | |
| Geographic name | Ecuador |
| General subdivision | Política y gobierno. |
| 700 1# - ADDED ENTRY--PERSONAL NAME | |
| Personal name | Núñez Polanco, Diómedes |
| Dates associated with a name | 1952- |
| Relator term | prólogo |
| 710 2# - ADDED ENTRY--CORPORATE NAME | |
| Corporate name or jurisdiction name as entry element | Biblioteca Nacional Pedro Henríquez Ureña (República dominicana) |
| 910 ## - USER-OPTION DATA (OCLC) | |
| User-option data | VMateo V. Control de calidad. BPMSU |
| 942 ## - ADDED ENTRY ELEMENTS (KOHA) | |
| Source of classification or shelving scheme | Dewey Decimal Classification |
| Koha item type | Libros |
| Withdrawn status | Lost status | Source of classification or shelving scheme | Damaged status | Not for loan | Collection code | Home library | Current library | Date acquired | Total Checkouts | Full call number | Barcode | Date last seen | Price effective from | Koha item type |
|---|---|---|---|---|---|---|---|---|---|---|---|---|---|---|
| Dewey Decimal Classification | Colección Dominicana | Biblioteca Pública Metropolitana Salomé Ureña | Biblioteca Pública Metropolitana Salomé Ureña | 01/13/2025 | BPMSU CD 320.9869 A385a 2013 | BPMSU25010005 | 01/13/2025 | 01/13/2025 | Libros |